000 00497cam a22001814a 4500
005 20250605164258.0
008 250528s ||||||||||||||||||||||||d
035 _a21953
040 _aGR-AtMCL
_bgre
_dGR-AtMCL
_eAACR2
245 1 _aΣΤΑΤΙΣΤΙΚΗ ΓΙΑ ΔΙΟΙΚΗΣΗ ΕΠΙΧΕΙΡΗΣΕΩΝ
250 _a1
260 _bΠαρατηρητής,
_c1988
300 _a274
700 1 _aΠεκος Γεωργιος Δ
_97513
942 _cBK
999 _c7010
_d7010